1411 1519 1915 1691 1520 1803 1407 1362 1353 1826 1736 1345 1537 1920 1191 1572 1356 1167 1538 1572 1369 1604 1841 1330 1155 1914 1082 1396 1023 1166 1862 1817 1828 1488 1843 1424 1435 1989 1994 1470 1473 1039 1643 1174 1751 1881 1077 1830 1682 1271 1377 1737 1724 1088 1042 1866 1942 1071 1341 1251 1586 1704 1830 1569 1852 1036 1535 1041 1498 1976 1687 1056 1747 1213 1374 1179 1597 1624 1417 1939 1032 1497 1748 1826 1668 1787 1643 1984 1971 1477 1662 1305 1540 1686 1121 1226 1599 1722 1262 BCNSPRNW ULIB Ver.6.0+V

เปลี่ยนเป็นภาษาไทย

Change to English
 แสดงรายละเอียดบรรณานุกรม
  กลับหน้าหลัก

Brief Record : Get Marc (ISO 2709) : E-mail record : QR code < ปิดหน้าต่าง
LEADER : 00000nam 2200000uu 4500
001    13399126286
003     ULIB
008    180830s2560||||th 000 0 tha d
020    ^a9786162793677
060  4 ^aWY157^bป135
245 00 ^aปฏิบัติการพยาบาลสูติศาสตร์-นรีเวชวิทยา /^cกองบรรณาธิการ, ยุวดี วัฒนานนท์, ศิริวรรณ์ สันทัด
250    ^aพิมพ์ครั้งที่ 2
260    ^aกรุงเทพฯ :^bโครงการตำราคณะพยาบาลศาสตร์ มหาวิทยาลัยมหิดล,^c2560
300    ^a190 หน้า :^bภาพประกอบ ;^c26 ซม.
650  4 ^aการพยาบาลนรีเวชศาสตร์
650  4 ^aการพยาบาลสูติศาสตร์
700 0  ^aยุวดี วัฒนานนท์,^eบรรณาธิการ
700 0  ^aศิริวรรณ์ สันทัด,^eบรรณาธิการ
710 2  ^aมหาวิทยาลัยมหิดล. ^bโครงการตำราคณะพยาบาลศาสตร์
945    ^p200^l0^i26483
945    ^p200^l0^i26482
999    ^aกัณชพร จุลอักษร
รายการนี้ยังไม่มีแท็ก
คุณยังไม่ได้ล็อกอิน คุณสามารถมีกิจกรรมร่วมกับเว็บไซต์ได้ แต่ต้องล็อกอินก่อน ::
  ล็อกอิน

รายการสื่อสารสนเทศ

ลำดับที่ ประเภท เลขเรียก/บาร์โค้ด สถานที่ สถานะ
1. วิทยาศาสตร์การแพทย์ และสุขภาพ
วิทยาศาสตร์การแพทย์ และสุขภาพ
WY157 ป135 ฉ.1 
  Barcode: 26482
ห้องสมุดวิทยาเขตนครสวรรค์
►หนังสือทั่วไป:l:General Books
บนชั้น
2. วิทยาศาสตร์การแพทย์ และสุขภาพ
วิทยาศาสตร์การแพทย์ และสุขภาพ
WY157 ป135 ฉ.2 
  Barcode: 26483
ห้องสมุดวิทยาเขตนครสวรรค์
►หนังสือทั่วไป:l:General Books
บนชั้น

รายการใกล้เคียง
    หัวเรื่อง [การพยาบาลนรีเวชศาสตร์]
    หัวเรื่อง [การพยาบาลสูติศาสตร์]

BibComment


ยังไม่เคยถูกคอมเมนท์

คอมเมนท์ทรัพยากรรายการนี้
  คอมเมนท์: ปฏิบัติการพยาบาล..


 Copyright 2026. Bcnsprnw @Library